[Event "AUTO-MASTER-1282"]
[Site "http://www.queenalice.com/game.php?id=935545"]
[Date "2011.5.8"]
[Round "2"]
[White "dadge"]
[Black "Gil"]
[Result "0-1"]
[WhiteElo "2189"]
[BlackElo "2231"]

1. e4 e5 2. Nf3 Nc6 3. Bb5 d6 4. d4 exd4 5. Nxd4 Bd7 6. O-O Nxd4 7. Bxd7+ Qxd7
8. Qxd4 Be7 9. Qxg7 Bf6 10. Qg3 O-O-O 11. c3 Ne7 12. Bf4 Rhg8 13. Qf3 Ng6 14.
Bg3 Be5 15. Nd2 Qb5 16. Nb3 Bxg3 17. hxg3 Ne5 18. Qf5+ Kb8 19. Rad1 Qa4 20. f4
Ng4 21. Ra1 Ne3 22. Qxf7 Nxf1 23. Kxf1 Rxg3 24. Kf2 Rdg8 25. Nd4 Rxg2+ 26. Kf1
Qa6+ 27. c4 Qb6 0-1

[Event "AUTO-MASTER-1282"]
[Site "http://www.queenalice.com/game.php?id=935546"]
[Date "2011.5.8"]
[Round "2"]
[White "Gil"]
[Black "dadge"]
[Result "0-1"]
[WhiteElo "2242"]
[BlackElo "2178"]

1. d4 d5 2. Nf3 Nf6 3. c4 e6 4. Nc3 Bb4 5. e3 O-O 6. cxd5 Nxd5 7. Bd2 Nd7 8. Bc4
N7f6 9. O-O Bd6 10. Ne5 c6 11. e4 Nxc3 12. Bxc3 Nxe4 13. f4 f6 14. Nd3 b5 15.
Bb3 a5 16. Qe2 f5 17. Ne5 Bxe5 18. fxe5 b4 19. Rxf5 Rxf5 20. Qxe4 Rf8 21. Bd2
Ra7 22. Ba4 c5 23. Be3 Bb7 24. Bc6 Bxc6 25. Qxc6 cxd4 26. Qxe6+ Kh8 27. Rd1 Re7
28. Qa6 Rxe5 0-1

[Event "AUTO-OPEN-2130"]
[Site "http://www.queenalice.com/game.php?id=945558"]
[Date "2011.6.3"]
[Round "3"]
[White "Gil"]
[Black "henriq19"]
[Result "1/2-1/2"]
[WhiteElo "2221"]
[BlackElo "2083"]

1. d4 d5 2. Nf3 Nf6 3. e3 Bg4 4. h3 Bh5 5. Be2 e6 6. O-O Be7 7. c4 c6 8. Nc3 O-O
9. Qb3 b6 10. g4 Bg6 11. Ne5 Qc7 12. Bf3 Nbd7 13. Nxg6 fxg6 14. cxd5 exd5 15.
Bd2 Kh8 16. Rac1 Rab8 1/2-1/2

[Event "AUTO-OPEN-2130"]
[Site "http://www.queenalice.com/game.php?id=945559"]
[Date "2011.6.3"]
[Round "3"]
[White "henriq19"]
[Black "Gil"]
[Result "1/2-1/2"]
[WhiteElo "2077"]
[BlackElo "2225"]

1. e4 g6 2. Bc4 Bg7 3. Nf3 d6 4. O-O e6 5. c3 Nf6 6. Re1 O-O 7. d4 Re8 8. Bg5 h6
9. Bd2 e5 10. Qb3 Qe7 11. dxe5 dxe5 12. Na3 a6 13. Rad1 1/2-1/2

[Event "QA-ANNIV-07"]
[Site "http://www.queenalice.com/game.php?id=950735"]
[Date "2011.6.16"]
[Round "1"]
[White "Tuhers"]
[Black "Gil"]
[Result "0-1"]
[WhiteElo "1472"]
[BlackElo "2183"]

1. e3 d5 2. h3 e5 3. Nf3 Nc6 4. Bb5 e4 5. Ng1 a6 6. Bxc6+ bxc6 7. Ne2 c5 8. b3
Nf6 9. Bb2 Be7 10. Bxf6 Bxf6 11. c3 d4 12. a4 dxc3 13. dxc3 Qxd1+ 14. Kxd1 Be6
15. Kc2 Rb8 16. Nf4 Bxb3+ 17. Kc1 O-O 18. a5 g5 19. Nh5 Be5 20. Re1 f5 21. Nd2
Bd5 22. f4 exf3 23. gxf3 Bf7 24. f4 Bxc3 25. Ra3 Bb2+ 26. Kc2 Bxa3 27. Nb1 Bb4
28. Rg1 Bxh5 29. Rxg5+ Bg6 30. Kd3 Bxa5 31. Kc4 Rxb1 32. Kxc5 Bd2 33. Rg3 Rc1+
34. Kd4 Rd8+ 35. Ke5 Rc5+ 36. Ke6 Rd6+ 37. Ke7 Bc3 38. Rxg6+ hxg6 39. h4 Bf6+
0-1

[Event "QA-ANNIV-05"]
[Site "http://www.queenalice.com/game.php?id=953509"]
[Date "2011.6.24"]
[Round "9"]
[White "razoman"]
[Black "Gil"]
[Result "0-1"]
[WhiteElo "1961"]
[BlackElo "2158"]

1. c4 g6 2. d4 Bg7 3. Nc3 Nf6 4. g3 O-O 5. Bg2 d6 6. Nf3 Bg4 7. O-O c6 8. h3
Bxf3 9. Bxf3 Nbd7 10. Bg5 h6 11. Be3 Nb6 12. b3 Rc8 13. Kg2 e6 14. Qd2 Kh7 15.
Rac1 d5 16. cxd5 cxd5 17. Nb5 a6 18. Rxc8 Nxc8 19. Nc3 Nd6 20. Rc1 Nf5 21. Bf4
Nd7 22. e4 Nxd4 23. exd5 Nxf3 24. Kxf3 g5 25. Bd6 Ne5+ 26. Bxe5 Bxe5 27. Qc2+
Kg8 28. Kg2 exd5 29. Qf5 Re8 30. Na4 d4 31. Nc5 Qd5+ 32. Ne4 d3 33. Rd1 Rd8 34.
f3 Qd4 35. Rd2 Rd5 36. Qc8+ Rd8 37. Qxb7 f5 38. Nf2 Bxg3 39. Nxd3 Qc3 40. Rd1
Qc2+ 41. Kxg3 Qxd1 42. Ne5 Qg1# 0-1

[Event "AUTO-MASTER-1269"]
[Site "http://www.queenalice.com/game.php?id=954684"]
[Date "2011.6.28"]
[Round "2"]
[White "Gil"]
[Black "Matrick"]
[Result "0-1"]
[WhiteElo "2167"]
[BlackElo "2282"]

1. d4 Nf6 2. Nf3 g6 3. c4 Bg7 4. Nc3 O-O 5. e4 d6 6. Be2 e5 7. d5 a5 8. a4 Na6
9. O-O Nc5 10. Qc2 Nh5 11. g3 f5 12. Bg5 Nf6 13. Rfe1 h6 14. Bxf6 Qxf6 15. Nd2
f4 16. Bf3 Bh3 17. b3 Na6 18. Qb1 fxg3 19. fxg3 h5 20. Nd1 Bh6 0-1

[Event "AUTO-MASTER-1269"]
[Site "http://www.queenalice.com/game.php?id=954685"]
[Date "2011.6.28"]
[Round "2"]
[White "Matrick"]
[Black "Gil"]
[Result "1-0"]
[WhiteElo "2292"]
[BlackElo "2184"]

1. e4 e5 2. Nf3 d6 3. d4 exd4 4. Nxd4 Nc6 5. Bb5 Bd7 6. Nc3 a6 7. Nxc6 bxc6 8.
Bc4 Be6 9. Qd3 Nf6 10. Bxa6 Nd7 11. Qe2 Nc5 12. Bc4 Qf6 13. O-O Be7 14. Rd1 O-O
15. Be3 Nd7 16. a4 Rfb8 17. Bxe6 Qxe6 18. b3 Bf6 19. Bd4 Bxd4 20. Rxd4 c5 21.
Rdd1 Nf6 22. f3 Qe5 23. Qd2 Ra7 24. Nd5 h6 25. Qc3 Qxc3 26. Nxc3 Rd8 27. e5 Ne8
28. Kf2 f6 29. Nb5 Ra5 30. exd6 cxd6 31. Rd3 Kf7 32. Re1 Rd7 33. Rde3 Ra8 34.
Ke2 Nc7 35. Nxc7 Rxc7 36. Kd3 c4+ 37. Kd4 cxb3 38. cxb3 Rb8 39. h3 Rb4+ 40. Kd5
Rb6 41. Rb1 Rc5+ 42. Kd4 Rc2 43. g3 Rb4+ 44. Kd5 Rg2 45. f4 Rd2+ 46. Kc6 Rc2+
47. Kd7 d5 48. f5 d4 49. Rd3 Rc3 50. Rxc3 dxc3 51. g4 c2 52. Rc1 Rxb3 53. Rxc2
Rd3+ 54. Kc6 Ke7 55. a5 Rxh3 56. a6 1-0

[Event "AUTO-MASTER-1269"]
[Site "http://www.queenalice.com/game.php?id=954686"]
[Date "2011.6.28"]
[Round "2"]
[White "Gil"]
[Black "Alligator427"]
[Result "0-1"]
[WhiteElo "2187"]
[BlackElo "2261"]

1. d4 Nf6 2. Nf3 g6 3. c4 Bg7 4. Nc3 O-O 5. Bg5 d6 6. e4 c5 7. dxc5 Qa5 8. b4
Qxb4 9. Qb3 Qxb3 10. axb3 Nxe4 11. Nxe4 Bxa1 12. Bxe7 Re8 13. cxd6 Nc6 14. Kd2
Nxe7 15. Bd3 Bg7 16. dxe7 Rxe7 0-1

[Event "AUTO-MASTER-1269"]
[Site "http://www.queenalice.com/game.php?id=954687"]
[Date "2011.6.28"]
[Round "2"]
[White "Alligator427"]
[Black "Gil"]
[Result "1-0"]
[WhiteElo "2256"]
[BlackElo "2177"]

1. e4 e5 2. Nf3 Nc6 3. Bc4 h6 4. O-O Nf6 5. Re1 d6 6. h3 Be6 7. Bxe6 fxe6 8. d4
exd4 9. Nxd4 e5 10. Nf5 g6 11. Nh4 g5 12. Nf5 Qd7 13. Nc3 O-O-O 14. Be3 a6 15.
Rb1 Nxe4 16. Nxe4 Qxf5 17. Qd3 Bg7 18. Nxd6+ 1-0

[Event "AUTO-OPEN-2187"]
[Site "http://www.queenalice.com/game.php?id=969572"]
[Date "2011.8.6"]
[Round "2"]
[White "Gil"]
[Black "GEORGESILVA"]
[Result "0-1"]
[WhiteElo "2162"]
[BlackElo "2151"]

1. b3 f5 2. Bb2 Nf6 3. Nc3 d5 4. d4 e6 5. e3 c6 6. Nf3 Bd6 7. Bd3 O-O 8. Qd2
Nbd7 9. O-O-O Ne4 10. Qe1 Qe7 11. Nd2 a5 12. Ndxe4 fxe4 13. Be2 b5 14. h4 Bb4
15. h5 Ba6 16. f4 Bxc3 17. Qxc3 b4 18. Qe1 Bxe2 19. Qxe2 a4 20. g4 axb3 21. axb3
c5 22. h6 g6 23. g5 cxd4 24. Bxd4 Rfc8 25. Qg4 Nc5 26. Kb2 Qd7 27. Ra1 Rxa1 28.
Rxa1 Kf7 29. Ra5 Nb7 30. Ra4 Qb5 31. Ra7 Rc7 32. Qd1 Ke7 33. Ra8 Kd7 34. Rh8 Kc6
35. Bg7 Nd6 0-1

[Event "AUTO-OPEN-2187"]
[Site "http://www.queenalice.com/game.php?id=969573"]
[Date "2011.8.6"]
[Round "2"]
[White "GEORGESILVA"]
[Black "Gil"]
[Result "1-0"]
[WhiteElo "2138"]
[BlackElo "2175"]

1. e4 e5 2. d4 exd4 3. c3 dxc3 4. Nxc3 Nc6 5. Nf3 Bb4 6. Bc4 Bxc3+ 7. bxc3 h6 8.
O-O d6 9. h3 Nf6 10. Qc2 O-O 11. Rd1 Qe7 12. e5 Nxe5 13. Nxe5 Qxe5 14. g4 b5 15.
Bb3 Bb7 16. c4 bxc4 17. Bxc4 d5 18. Bb2 Qf4 19. Rd4 Qd6 20. Rad1 c5 21. Ba3 Qe5
22. Bxd5 Bxd5 23. Qxc5 Rfc8 24. Qa5 Rc2 25. Rxd5 Nxd5 26. Rxd5 Qa1+ 27. Kg2 Qxa2
28. Rd8+ Rxd8 29. Qxd8+ Kh7 30. Qd3+ g6 31. Qe3 a5 32. Bc1 1-0

[Event "AUTO-OPEN-2187"]
[Site "http://www.queenalice.com/game.php?id=969574"]
[Date "2011.8.6"]
[Round "2"]
[White "Gil"]
[Black "philosopher"]
[Result "0-1"]
[WhiteElo "2175"]
[BlackElo "2005"]

1. e4 e5 2. Nf3 Nc6 3. b3 d6 4. Bb2 Nf6 5. Nc3 Be7 6. Be2 O-O 7. d3 Be6 8. O-O
h6 9. h3 a6 10. d4 exd4 11. Nxd4 Nxd4 12. Qxd4 Re8 13. Nd5 Bxd5 14. exd5 Bf8 15.
Rfe1 Qd7 16. Bd3 Rxe1+ 17. Rxe1 Re8 0-1

[Event "AUTO-OPEN-2187"]
[Site "http://www.queenalice.com/game.php?id=969575"]
[Date "2011.8.6"]
[Round "2"]
[White "philosopher"]
[Black "Gil"]
[Result "1-0"]
[WhiteElo "1978"]
[BlackElo "2175"]

1. d4 d5 2. Nf3 e6 3. Bf4 Nf6 4. e3 Be7 5. Be2 O-O 6. h3 c5 7. c3 Nc6 8. Nbd2
Qb6 9. Rb1 Nh5 10. Bh2 cxd4 11. exd4 Bd7 12. O-O Nf6 13. Re1 Ne4 14. Bd3 Nd6 15.
Ne5 Nxe5 16. dxe5 Nf5 17. Qh5 g6 18. Qg4 1-0